Pays d'Asie avec un V, W, X, Y, Z - Statistiques

Statistiques générales
  • Ce quiz a été pris 118 fois
    54 depuis la dernière actualisation
  • Le résultat moyen est 7 sur 11
Statistiques - réponses
Hint Réponse % Correct
Y Yemen
98%
V Viet-nam
94%
Z Azerbaidjan
72%
Z Ouzbekistan
72%
Z Kazakhstan
68%
Z Kirghizistan
62%
W Koweit
58%
W Taiwan
58%
Y Syrie
50%
Y Chypre
40%
V Maldives
24%
Aucun quiz correspondant
Distribution des résultats
% des personnes avec chaque résultat
Percentile par nombre de réponses
Votre historique - résultats
Vous n’avez pas pris ce quiz depuis la dernière actualisation